BOZP v ubytovacích a stravovacích službách

Zamestnanci hotelových, reštauračných a stravovacích služieb (Horeca) konfrontovaní s vysokým pracovným nasadením, fyzicky náročnou prácou pod časovým tlakom a nepretržitým kontaktom so zákazníkom. Prioritné témy v oblasti reštauračných a hotelových služieb vo vzťahu zamestnanec - zamestnávateľ. Nel...

Full description

Saved in:
Bibliographic Details
Main Author: Jančurová, Laurencia
Format: Book Chapter
Language:Slovak
Subjects:
Tags: Add Tag
No Tags, Be the first to tag this record!

MARC

LEADER 00000naa a2200000 4500
001 0156554
005 20231011125722.9
041 0 |a slo 
044 |a SK 
245 1 0 |a BOZP v ubytovacích a stravovacích službách  |c Laurencia Jančurová 
520 |a Zamestnanci hotelových, reštauračných a stravovacích služieb (Horeca) konfrontovaní s vysokým pracovným nasadením, fyzicky náročnou prácou pod časovým tlakom a nepretržitým kontaktom so zákazníkom. Prioritné témy v oblasti reštauračných a hotelových služieb vo vzťahu zamestnanec - zamestnávateľ. Nelegálne zamestnávanie. Previerky BOZP a ich výsledky. Najčastejšie riziká v odvetví Horeca a ako ich znížiť. 
610 2 0 |a bezpečnosť práce 
610 2 0 |a úrazy pracovné 
610 2 0 |a pracovisko 
610 2 0 |a prostredie pracovné 
610 2 0 |a hotelierstvo 
610 2 0 |a reštaurácie 
610 2 0 |a služby 
610 2 0 |a zamestnanci 
610 2 0 |a zamestnávatelia 
610 2 0 |a previerky 
100 1 |a Jančurová, Laurencia